=LDR 00000nam 2200000 4500 =001 $a INLIS000000000008385 =005 $a 20260604101512 =008 $a 260604################g##########0#ind## =022 ##$$a 978-602-167-4420 =035 ##$$a 0010-0626000012 =082 ##$$a 618.2 =084 ##$$a 618.2 ELI p =100 #$$a Elisabeth Siwi Walyani =245 ##$$a Perawatan Kehamilan dan menyusui anak pertama $b agar bayi lahir dan tumbuh sehat $c Elisabeth Siwi Walyani =246 ##$$a =260 ##$$a Yogyakarta $b Pustaka Baru Press $c 2015 =300 ##$$a viii, 219hlm $b ilus $c 22cm $d =336 ##$$a =337 ##$$a =338 ##$$a =520 #$$a buku berisikan proses terjadinya kehamilan, dan faktor pengaruh kehamilan, tahap perkembangan janin dari minggu ke minggu dan kiat menghadapinya =650 #$$a kebidanan =700 #$$a Mona =740 ##$$a =856 ##$$a =Wor $a 1